<?xml version="1.0" encoding="UTF-8"?>
<record
    xmlns:xsi="http://www.w3.org/2001/XMLSchema-instance"
    xsi:schemaLocation="http://www.loc.gov/MARC21/slim http://www.loc.gov/standards/marcxml/schema/MARC21slim.xsd"
    xmlns="http://www.loc.gov/MARC21/slim">

  <leader>01858nam a22002537a 4500</leader>
  <controlfield tag="003">OSt</controlfield>
  <controlfield tag="005">20250926162243.0</controlfield>
  <controlfield tag="008">250926b        |||||||| |||| 00| 0 eng d</controlfield>
  <datafield tag="020" ind1=" " ind2=" ">
    <subfield code="a">9789589872000</subfield>
  </datafield>
  <datafield tag="037" ind1=" " ind2=" ">
    <subfield code="b">Donaci&#xF3;n</subfield>
  </datafield>
  <datafield tag="040" ind1=" " ind2=" ">
    <subfield code="a">CO-JMCR</subfield>
    <subfield code="b">spa </subfield>
    <subfield code="c">CO-JMCR</subfield>
    <subfield code="d">CO-JMCR</subfield>
    <subfield code="e">rda</subfield>
  </datafield>
  <datafield tag="041" ind1="0" ind2=" ">
    <subfield code="a">spa</subfield>
  </datafield>
  <datafield tag="082" ind1="0" ind2="4">
    <subfield code="a">986.152 </subfield>
    <subfield code="b">D35e</subfield>
  </datafield>
  <datafield tag="245" ind1="0" ind2="3">
    <subfield code="a">El delirio de Cali / </subfield>
    <subfield code="c">fotograf&#xED;as Miky Calero ... [et al.].</subfield>
  </datafield>
  <datafield tag="260" ind1=" " ind2=" ">
    <subfield code="a">Bogot&#xE1; : </subfield>
    <subfield code="b">Quebecor World, </subfield>
    <subfield code="c">2008.</subfield>
  </datafield>
  <datafield tag="300" ind1=" " ind2=" ">
    <subfield code="a">[146] p&#xE1;ginas : </subfield>
    <subfield code="b">ilustraciones ; </subfield>
    <subfield code="c">22 x 31 cm.</subfield>
  </datafield>
  <datafield tag="520" ind1="3" ind2=" ">
    <subfield code="a">Santiago de Cali es una ciudad joven, contempor&#xE1;nea y cosmopolita, con una presencia de la cultura de origen africano, marcada por las corrientes migratorias de procedencia campesina.
La influencia de los medios de comunicaci&#xF3;n, fundamentalmente la radio, el disco y el cine, permiti&#xF3; la llegada a Colombia de la m&#xFA;sica antillana, la cual se transform&#xF3; en un fen&#xF3;meno cultural a trav&#xE9;s de los diferentes usos que las clases populares hicieron de ella. 
Hoy, la salsa est&#xE1; &#xED;ntimamente ligada a nuestra ciudad, se ha convertido en un acontecimiento, y bailar es una forma de comunicarse.
La salsa cale&#xF1;a se baila con movimientos r&#xE1;pidos y fuertes que proyectan el encanto y el esp&#xED;ritu festivo de los cale&#xF1;os. 
La edici&#xF3;n del libro El Delirio de Cali no pretende ser una obra investigativa ni literaria, es un compendio de diversos escritos e im&#xE1;genes que refieren el porqu&#xE9; en Cali, la salsa se baila as&#xED;...</subfield>
  </datafield>
  <datafield tag="650" ind1="1" ind2="4">
    <subfield code="a">Festivales</subfield>
    <subfield code="z">Cali (Colombia).</subfield>
    <subfield code="2">JMCR</subfield>
    <subfield code="9">44357</subfield>
  </datafield>
  <datafield tag="651" ind1="2" ind2="4">
    <subfield code="a">Santiago de Cali (Valle del Cauca, Colombia)</subfield>
    <subfield code="x">Historia.</subfield>
    <subfield code="2">JMCR</subfield>
    <subfield code="9">44358</subfield>
  </datafield>
  <datafield tag="651" ind1="2" ind2="4">
    <subfield code="a">Santiago de Cali (Valle del Cauca, Colombia)</subfield>
    <subfield code="x">Vida social y costumbres.</subfield>
    <subfield code="2">JMCR</subfield>
    <subfield code="9">44359</subfield>
  </datafield>
  <datafield tag="651" ind1="2" ind2="4">
    <subfield code="a">Santiago de Cali (Valle del Cauca, Colombia)</subfield>
    <subfield code="v">Fotograf&#xED;as.</subfield>
    <subfield code="2">JMCR</subfield>
    <subfield code="9">44360</subfield>
  </datafield>
  <datafield tag="700" ind1="1" ind2=" ">
    <subfield code="a">Calero, Miky,</subfield>
    <subfield code="e">fot&#xF3;grafo</subfield>
    <subfield code="9">44361</subfield>
  </datafield>
  <datafield tag="942" ind1=" " ind2=" ">
    <subfield code="2">ddc</subfield>
    <subfield code="c">BK</subfield>
  </datafield>
  <datafield tag="999" ind1=" " ind2=" ">
    <subfield code="c">31093</subfield>
    <subfield code="d">17477</subfield>
  </datafield>
  <datafield tag="952" ind1=" " ind2=" ">
    <subfield code="0">0</subfield>
    <subfield code="1">0</subfield>
    <subfield code="2">ddc</subfield>
    <subfield code="4">0</subfield>
    <subfield code="7">0</subfield>
    <subfield code="a">CPL</subfield>
    <subfield code="b">CPL</subfield>
    <subfield code="c">CART</subfield>
    <subfield code="d">2022-05-27</subfield>
    <subfield code="l">0</subfield>
    <subfield code="o">986.152  D35e</subfield>
    <subfield code="p">201812637</subfield>
    <subfield code="r">2025-09-26 16:24:08</subfield>
    <subfield code="t">Ej.1</subfield>
    <subfield code="w">2025-09-26</subfield>
    <subfield code="y">BK</subfield>
  </datafield>
</record>
